banner-ar

حضارة عصر النهضة / (Record no. 36210)

MARC details
000 -الفاتح
حقل البيانات ثابتة الطول 00954nam a2200265Ia 4500
005 - وقت وتاريخ اخر تعامل مع التسجيلة
رقم الضبط 20240530103023.0
008 - عناصر البيانات ثابتة الطول - معلومات عامة
حقل البيانات ثابتة الطول 140319s9999 xx 000 0 ara d
040 ## - مصدر الفهرسة
وكالة الفهرسة الأصلية GCL /
وكالة النسخ GCL
082 04 - رقم تصنيف ديوى العشرى
رقم التصنيف 940.21
رقم المادة ت ح
100 1# - المدخل الرئيسى - إسم شخصى
الإسم الشخصى تومسون، جيمس وستفال
الدور مؤلف
245 10 - بيان العنوان
العنوان حضارة عصر النهضة /
بيان المسئوليه,etc مارتون، جورج
260 ## - PUBLICATION, DISTRIBUTION, ETC. (IMPRINT)
تاريخ النشر أو التوزيع 1961
260 ## - PUBLICATION, DISTRIBUTION, ETC. (IMPRINT)
تاريخ النشر أو التوزيع 1961
300 ## - الوصف المادى
التعداد 190 ص:
تفاصيل ماديه اخرى للوعاء ايض ؛
أبعاد الوعاء 20 سم
600 ## - المدخل الاضافى بالموضوع-اسم شخصى
مصدر الرأس أو المصطلح تومسون، جيمس وستفال
650 04 - المدخل الاضافى بالموضوع-مصطلح موضوعى
مصطلح موضوعي تاريخ
650 04 - المدخل الاضافى بالموضوع-مصطلح موضوعى
مصطلح موضوعي الحضارة الاوربية
650 04 - المدخل الاضافى بالموضوع-مصطلح موضوعى
مصطلح موضوعي اوربا
650 04 - المدخل الاضافى بالموضوع-مصطلح موضوعى
مصطلح موضوعي عصر النهضة (1300 - 1494)
700 1# - المدخل الاضافى - اسم شخصى
الإسم الشخصى مارتون، جورج
الدور مؤلف
700 1# - المدخل الاضافى - اسم شخصى
الإسم الشخصى راولى، جورج
الدور مؤلف
700 1# - المدخل الاضافى - اسم شخصى
الإسم الشخصى عبدالرحمن زكى
الدور مترجة
942 ## - عناصر المدخل الإضافي( كوها)
مصدر التصنيف او مخطط الترفيف Dewey Decimal Classification
Koha [default] item type كتاب
260 ## - PUBLICATION, DISTRIBUTION, ETC. (IMPRINT)
-- نيويورك :
-- مؤسسة فرنكلين للطباعة والنشر ،
260 ## - PUBLICATION, DISTRIBUTION, ETC. (IMPRINT)
-- القاهرة :
-- دار النهضة العربية ،
Holdings
حالة التراجع حالة الفقد حالة تلف ليس للاعارة المكان المؤقت الموقع الحالى تاريخ الاكتساب اجمالي اﻻعارات رقم الطلب الباركود تاريخ اخر مشاهدة تاريخ تفعيل السعر نوع وعاء كوها
        مكتبة القاهرة الكبرى مكتبة القاهرة الكبرى 03/26/2014   940.21\ت ح 88108 03/26/2014 03/26/2014 كتاب
        مكتبة القاهرة الكبرى مكتبة القاهرة الكبرى 03/26/2014   940.21\ت ح 88109 03/26/2014 03/26/2014 كتاب
        مكتبة القاهرة الكبرى مكتبة القاهرة الكبرى 03/26/2014   940.21\ت ح 88110 03/26/2014 03/26/2014 كتاب

Powered By

EGPV